Language in action

Salvato in:
Dettagli Bibliografici
Autore principale: Hayakawa, S. I (Autore)
Natura: Libro
Lingua:inglese
Pubblicazione: Nueva York Harcourt, Brace & Company 1941
Soggetti:
Tags: Aggiungi Tag
Nessun Tag, puoi essere il primo ad aggiungerne!!

MARC

LEADER 00000nam a2200000 a 4500
001 UCQ7916
003 CL-VaPUC
008 981121e19410000US |||||||||||||||||eng|d
082 0 4 |a 401  |b HAY  |2 21 
100 |a Hayakawa, S. I  |e author  |9 421724 
245 1 0 |a Language in action 
300 |a 345 p 
942 |c BK 
945 |d 19981121 00:00:00  |a crobeson 
260 |a Nueva York  |b Harcourt, Brace & Company  |c 1941 
650 0 |a Lenguaje   |9 265069 
650 0 |a Lingüística  |9 265068 
650 0 |a Sociolingüística  |9 263716 
650 0 |a Semiótica  |9 265317 
650 0 |a Psicolingüística   |9 283371 
583 |a last modification  |c 19981121 00:00:00  |k Rodrigo Vera 
999 |c 277291  |d 277289 
952 |0 0  |1 0  |4 0  |6 401_000000000000000_HAY_1941  |7 0  |8 A  |9 315176  |a FDOPOS  |b FDOPOS  |d 2019-11-20  |i 149385K  |o 401 HAY 1941  |p 149385K  |r 2025-01-22  |w 2019-11-20  |y BK  |k MLA